Central Library OPAC University of Rajshahi

Simulation of the water balance of arable land and pastures / (Record no. 66889)

MARC details
000 -LEADER
fixed length control field 01051nam a2200289 a 4500
001 - CONTROL NUMBER
control field 66889
003 - CONTROL NUMBER IDENTIFIER
rucl marc code BD-RjUL
005 - DATE AND TIME OF LATEST TRANSACTION
control field 20211209081606.0
008 - FIXED-LENGTH DATA ELEMENTS--GENERAL INFORMATION
fixed length control field 170320s1974 ne a b 000 0 eng
035 ## - SYSTEM CONTROL NUMBER
System control number (BD-RjUL)67020
040 ## - CATALOGING SOURCE
Original cataloging agency DLC
Transcribing agency DLC
Modifying agency BD-RjUL
Language of cataloging eng
041 ## - LANGUAGE CODE
Language code of text/sound track or separate title eng
082 00 - DEWEY DECIMAL CLASSIFICATION NUMBER
Classification number 631.7
Edition number 23
Author mark and year MAS 1974
100 1# - MAIN ENTRY--PERSONAL NAME
Personal name Makkink, G. F.
Fuller form of name (Gerrit François),
Dates associated with a name 1907-2006.
9 (RLIN) 198056
245 10 - TITLE STATEMENT
Title Simulation of the water balance of arable land and pastures /
Statement of responsibility, etc. G. F. Makkink and H. D. J. van Heemst.
260 ## - PUBLICATION, DISTRIBUTION, ETC. (IMPRINT)
Place of publication, distribution, etc. New Delhi :
Name of publisher, distributor, etc. Oxford & IBH publishing co.,
Date of publication, distribution, etc. c1974
300 ## - PHYSICAL DESCRIPTION
Pagination vii, 79 p. :
Illustrations ill. ;
Size 20 cm.
490 0# - SERIES STATEMENT
Series statement Simulation monographs
504 ## - BIBLIOGRAPHY, ETC. NOTE
Bibliography, etc Bibliography: p. 76-78.
650 #0 - SUBJECT ADDED ENTRY--TOPICAL TERM
Topical term or geographic name as entry element Water balance (Hydrology)
General subdivision Mathematical models.
9 (RLIN) 198057
Topical term or geographic name as entry element Water balance (Hydrology)
General subdivision Data processing.
9 (RLIN) 198058
Topical term or geographic name as entry element Soil moisture
General subdivision Mathematical models.
9 (RLIN) 198059
Topical term or geographic name as entry element Soil moisture
General subdivision Data processing.
9 (RLIN) 198060
700 1# - ADDED ENTRY--PERSONAL NAME
Personal name Heemst, H. D. J. van,
830 ## - SERIES ADDED ENTRY--UNIFORM TITLE
Uniform title Simulation monographs
942 ## - ADDED ENTRY ELEMENTS (KOHA)
Source of classification or shelving scheme Dewey Decimal Classification
Koha item type Books
Holdings
Lost status Source of classification or shelving scheme Damaged status Not for loan Collection code Permanent Location Current Location Shelving location Date acquired Source of acquisition Cost, normal purchase price Total Checkouts Full call number Date last seen Copy number Koha item type
  Dewey Decimal Classification   Not For Loan Non-fiction Central Library, University of Rajshahi Central Library, University of Rajshahi Reading Room 24/06/1982 Standard pub. 150.00   631.7 MAS 1974 20/03/2017 C-1 Books
  Dewey Decimal Classification     Non-fiction Central Library, University of Rajshahi Central Library, University of Rajshahi   24/06/1982 Standrad pub, 150.00   631.7 MAS 1974 20/12/2018 C-2 Books